หลักรัฐธรรมนูญเบื้องต้น / (ระเบียนเลขที่ 105413)
| 000 -LEADER | |
|---|---|
| fixed length control field | 03177nam a22003617a 4500 |
| 003 - CONTROL NUMBER IDENTIFIER | |
| control field | NALT |
| 005 - DATE AND TIME OF LATEST TRANSACTION | |
| control field | 20250617103915.0 |
| 008 - FIXED-LENGTH DATA ELEMENTS--GENERAL INFORMATION | |
| fixed length control field | 240624b th ||||| |||| 00| 0 tha d |
| 020 ## - INTERNATIONAL STANDARD BOOK NUMBER | |
| International Standard Book Number | 9789740326175 |
| 040 ## - CATALOGING SOURCE | |
| Original cataloging agency | NALT |
| 090 ## - LOCALLY ASSIGNED LC-TYPE CALL NUMBER (OCLC); LOCAL CALL NUMBER (RLIN) | |
| Classification number (OCLC) (R) ; Classification number, CALL (RLIN) (NR) | KD 5 |
| Local cutter number (OCLC) ; Book number/undivided call number, CALL (RLIN) | ณ321ห 2557 |
| 100 0# - MAIN ENTRY--PERSONAL NAME | |
| Personal name | ณัฐกร วิทิตานนท์ |
| 9 (RLIN) | 31926 |
| 245 10 - TITLE STATEMENT | |
| Title | หลักรัฐธรรมนูญเบื้องต้น / |
| Statement of responsibility, etc. | ณัฐกร วิทิตานนท์. |
| 250 ## - EDITION STATEMENT | |
| Edition statement | พิมพ์ครั้งที่ 3. |
| 260 ## - PUBLICATION, DISTRIBUTION, ETC. | |
| Place of publication, distribution, etc. | กรุงเทพฯ : |
| Name of publisher, distributor, etc. | สำนักพิมพ์แห่งจุฬาลงกรณ์มหาวิทยาลัย, |
| Date of publication, distribution, etc. | 2557. |
| 300 ## - PHYSICAL DESCRIPTION | |
| Extent | 304 หน้า ; |
| Dimensions | 21 ซม. |
| 505 2# - FORMATTED CONTENTS NOTE | |
| Formatted contents note | ภาคแนวคิดทฤษฎีในทางรัฐธรรมนูญ -- บทที่ 1 รัฐ -- บทที่ 2 อำนาจอธิปไตย -- บทที่ 3 สิทธิ เสรีภาพ และความเสมอภาค -- ภาคหลักการพื้นฐานเกี่ยวกับรัฐธรรมนูญ -- บทที่ 4 ความหมายและประเภทของรัฐธรรมนูญ -- บทที่ 5 ที่มาของรัฐธรรมนูญ -- บทที่ 6 จากการแก้ไขเพิ่มเติมถึงการยกเลิกรัฐธรรมนูญ -- บทที่ 7 ความเป็นกฎหมายสูงสุดของรัฐธรรมนูญกับการควบคุมมิให้กฎหมายขัดต่อรัฐธรรมนูญ -- ภาครัฐธรรมนูญต่างประเทศ -- บทที่ 8 กฎหมายรัฐธรรมนูญอังกฤษ -- บทที่ 9 รัฐธรรมนูญสหรัฐอเมริกา -- บทที่ 10 รัฐธรรมนูญฝรั่งเศส -- ภาครัฐธรรมนูญแห่งราชาอาณาจักรไทย -- บทที่ 11 วิวัฒนาการรัฐธรรมนูญแห่งราชอาณาจักรไทย. |
| 650 #4 - SUBJECT ADDED ENTRY--TOPICAL TERM | |
| Topical term or geographic name entry element | กฎหมายรัฐธรรมนูญ |
| 9 (RLIN) | 1629 |
| 650 #4 - SUBJECT ADDED ENTRY--TOPICAL TERM | |
| Topical term or geographic name entry element | รัฐธรรมนูญ |
| Geographic subdivision | ไทย |
| 9 (RLIN) | 2027 |
| 650 #4 - SUBJECT ADDED ENTRY--TOPICAL TERM | |
| Topical term or geographic name entry element | รัฐธรรมนูญ |
| Geographic subdivision | ฝรั่งเศส |
| 9 (RLIN) | 12713 |
| 650 #4 - SUBJECT ADDED ENTRY--TOPICAL TERM | |
| Topical term or geographic name entry element | กฎหมายรัฐธรรมนูญ |
| Geographic subdivision | อังกฤษ |
| 9 (RLIN) | 28689 |
| 650 #4 - SUBJECT ADDED ENTRY--TOPICAL TERM | |
| Topical term or geographic name entry element | รัฐธรรมนูญ |
| Geographic subdivision | สหรัฐอเมริกา |
| 9 (RLIN) | 12714 |
| 650 #4 - SUBJECT ADDED ENTRY--TOPICAL TERM | |
| Topical term or geographic name entry element | อำนาจอธิปไตย |
| 9 (RLIN) | 18973 |
| 650 #4 - SUBJECT ADDED ENTRY--TOPICAL TERM | |
| Topical term or geographic name entry element | รัฐ |
| 9 (RLIN) | 56536 |
| 650 #4 - SUBJECT ADDED ENTRY--TOPICAL TERM | |
| Topical term or geographic name entry element | ความเสมอภาค |
| 9 (RLIN) | 12641 |
| 650 #4 - SUBJECT ADDED ENTRY--TOPICAL TERM | |
| Topical term or geographic name entry element | สิทธิ |
| 9 (RLIN) | 13045 |
| 650 #4 - SUBJECT ADDED ENTRY--TOPICAL TERM | |
| Topical term or geographic name entry element | เสรีภาพ |
| 9 (RLIN) | 13046 |
| 942 ## - ADDED ENTRY ELEMENTS (KOHA) | |
| Koha item type | Law Book |
| Source of classification or shelving scheme | Local Classification |
| 996 ## - STAFF PROCESSING RECORDS (NALT) | |
| Staff name | chunbijaya.r |
| Staff type | CATSTF |
| Acquisition or Cataloging date | 2024-06-24 |
| 996 ## - STAFF PROCESSING RECORDS (NALT) | |
| Staff name | saiphon.d |
| Staff type | CATSTF |
| Acquisition or Cataloging date | 2024-06-26 |
| 998 ## - STAFF NAME (NALT) | |
| -- | 8 |
| -- | นายบัณฑิต อุทาวงค์ |
| Withdrawn status | Lost status | Source of classification or shelving scheme | Damaged status | Not for loan | Collection code | Home library | Current library | Shelving location | Date acquired | Total Checkouts | Total Renewals | Full call number | Barcode | Date last seen | Date last checked out | Price effective from | Koha item type | Copy number |
|---|---|---|---|---|---|---|---|---|---|---|---|---|---|---|---|---|---|---|
| Local Classification | Law Book collection | National Assembly Library of Thailand | National Assembly Library of Thailand | Law Book shelves | 24/06/2024 | 2 | 1 | KD 5 ณ321ห 2557 | 3961214224 | 25/06/2025 | 17/06/2025 | 24/06/2024 | Law Book | |||||
| Library of Congress Classification | National Assembly Library of Thailand | National Assembly Library of Thailand | 10/11/2025 | KD 5 ณ321ห 2557 | 3961215871 | 10/11/2025 | 10/11/2025 | Law Book | ฉ.2 |
